000 00708nam a2200193 i 4500
001 43077
003 ES-MaACL
005 20250831115922.0
007 t|
008 030314s1931 sp ||||1| spa d
100 1 _aCastro, Cristóbal de,
_d1874-1953
_936843
245 1 0 _aAl servicio de los campesinos
_b: hombres sin tierra, tierra sin hombres, la nueva política agraria (ensayo sobre la reforma agraria en Europa y su aplicación en España).
260 _aMadrid :
_b[s.n.,
_c1931] (
_fA. Marzo)
300 _a280 p. ;
_c20 cm.
650 7 _aReforma agraria
_2embne
_916718
650 _aReforma agraria-
_zEspaña-
_y1931-1939.
_916720
852 _aES-MaACL
_jA-544
999 _c43077
_d43077